000 00409nam a2200169Ia 4500
005 20250603145342.0
008 250603s9999 xx 000 0 und d
050 _aRA 529 .I545 .N33/
100 _aNadh, P Omkar
245 0 _aMedical Biotechnology Innovation in India
260 _aNew York
260 _bRoutledge
260 _c2024
300 _axii, 413p.: ill.
650 _aNew York
942 _cBK
999 _c41611
_d41611